000 00530cab a2200217 4500
001 WB3534-11
008 090401t1999 xxu||||| |||| 00| 0 eng d
035 _a(Sirsi) u112
041 _aeng
245 _aRent rates surge ahead
260 _c1999
350 _a0
490 _aRetail Week
_v27 August 1999, 20(1)
650 _aCB HILLIER PARKER
650 _aRENT INDICES
650 _aRENTAL VALUES
650 _aRETAIL RENTS
690 _aPROPERTY-COMMERCIAL PROPERTY-RETAIL PROPERTY
942 _n0
948 _c01/09/1999
999 _c41
_d41